|
|
|
|
| LEADER |
00873nam a2200241 i 4500 |
| 001 |
misc74447 |
| 005 |
20231221135011.0 |
| 008 |
231211s1951 hu o 000 hun d |
| 040 |
|
|
|a SZTE Miscellanea Repozitórium
|b hun
|
| 041 |
|
|
|a hun
|
| 100 |
1 |
|
|a Koch Ferenc
|
| 245 |
1 |
0 |
|a Földrajz
|h [elektronikus dokumentum] :
|b a középiskolák I. osztálya számára /
|c Koch Ferenc
|
| 260 |
|
|
|a Tankönyvkiadó
|b Budapest
|c 1951
|
| 300 |
|
|
|a 236
|c 20 cm
|
| 561 |
|
|
|a Archív földrajztankönyvek
|
| 591 |
|
|
|a Dr. Szilassi Péter magángyűjteménye
|
| 650 |
|
4 |
|a Természettudományok
|
| 650 |
|
4 |
|a Föld- és kapcsolódó környezettudományok
|
| 695 |
|
|
|a Földrajz - középiskola - tankönyv
|
| 700 |
0 |
1 |
|a Bognár Gábor
|
| 700 |
0 |
1 |
|a Takács József
|
| 700 |
0 |
1 |
|a Molnár Béla
|e aut
|
| 856 |
4 |
0 |
|u http://misc.bibl.u-szeged.hu/74447/1/foldrajz_tankonyv_003.pdf
|z Dokumentum-elérés
|